000 00382nam a2200157Ia 4500
008 230711s9999||||xx |||||||||||||| ||und||
041 _aENG
082 _a621.402
_bAU-T
100 _aAulakh,GS
245 0 _aEagles' Thermodynamics I
250 _a7th Ed.
260 _c2012
_aJalandhar
_bEagles Prakashan Regd
300 _a256p.
650 _aMechanical Engineering
942 _cBK
999 _c7661
_d7661